000 00391nam a2200157Ia 4500
008 180424s9999 xx 000 0 und d
040 _aPK-NaQUE
100 _a09ME79
100 _aFaique Ali Bhuto
245 0 _aControl of Multi Bore Drills Through PLC
260 _aNawabshah
260 _bQUEST
260 _c2009
300 _a102
700 _aDepartment of Mechanical Engineering
999 _c58540
_d58537